000 00725aam a2200277 4500
005 20250811190307.0
008 150324b2009 xxu||||| |||| 00| 0 spa d
020 _a9789682472978
041 _aESP
082 _a362.829.2 A473m
100 _aÁlvarez Bermudez, Javier
100 _aHartog, Guitte
245 _aManual de prevención de violencia intrafamiliar
260 _aMéxico
260 _bTrillas
260 _c2005
300 _a102 páginas
490 _aInvestigación Criminal
650 _aFAMILIA
650 _aVIOLENCIA INTRAFAMILIAR
650 _aCONDUCTA DE VIDA
650 _aVIOLENCIA
650 _aPSICOLOGÍA SOCIAL
650 _aCAUSAS DE VIOLENCIA INTRAFAMILIAR
942 _cBK
_2ddc
999 _c4118
_d4118